En torno del fascismo italiano: meditaciones y comentarios sobre problemas de política contemporánea

Saved in:
Bibliografiske detaljer
Hovedforfatter: Cambó, Francisco (Author)
Format: Bog
Sprog:spansk
Udgivet: Barcelona Catalana 1925
Fag:
Tags: Tilføj Tag
Ingen Tags, Vær først til at tagge denne postø!

MARC

LEADER 00000nam a2200000 a 4500
001 UCX7061
003 CL-VaPUC
008 930915e19250000SP |||||||||||||||||spa|d
082 0 4 |a 320.533  |b CAM  |2 21 
100 0 |a Cambó, Francisco  |e author  |9 323816 
245 1 0 |a En torno del fascismo italiano: meditaciones y comentarios sobre problemas de política contemporánea 
300 |a 219 p 
942 |c BK 
945 |d 19930915 00:00:00 
260 |a Barcelona  |b Catalana  |c 1925 
650 0 |a Fascismo  |9 255687 
650 7 |a POLITICA Y GOBIERNO SIGLO 20  |2 CL-VaPUC  |9 314300 
651 0 |a Italia  |9 254949 
583 |a last modification  |c 19930915 00:00:00  |k Rodrigo Vera 
999 |c 226980  |d 226978 
952 |0 0  |1 0  |4 0  |6 320_533000000000000_CAM_1925  |7 0  |8 X  |9 225704  |a BIBHIS  |b BIBHIS  |d 2019-11-15  |i 2943344  |o 320.533 CAM 1925  |p 2943344  |r 2024-01-30  |w 2019-11-15  |y BK_X  |k HIS